000 00359nam a2200145Ia 4500
005 20251222141856.0
008 251222s9999||||xx |||||||||||||| ||spa||
020 _a968-16-0858-5
082 _a278.5/A74
100 _aArmani, Alberto
245 0 _aCiudad de Dios y Ciudad del Sol:
250 _a2a.ed.
264 _bFondo de CulturaEconómica
942 _cLIB
999 _c7882
_d7882